Actas
Saved in:
| Hovedforfatter: | |
|---|---|
| Format: | Bog |
| Sprog: | spansk |
| Udgivet: |
Valdivia
Universidad Austral de Chile
1983
|
| Fag: | |
| Tags: |
Tilføj Tag
Ingen Tags, Vær først til at tagge denne postø!
|
MARC
| LEADER | 00000nam a2200000 a 4500 | ||
|---|---|---|---|
| 001 | UCQ4013 | ||
| 003 | CL-VaPUC | ||
| 005 | 20230818074215.0 | ||
| 008 | 980829e19830000cl 1 spa d | ||
| 082 | 0 | 4 | |a 635.21 |b CON |2 21 |
| 100 | |a Contreras Méndez, Andrés N |e author |9 417783 | ||
| 245 | 1 | 0 | |a Actas |
| 260 | |a Valdivia |b Universidad Austral de Chile |c 1983 | ||
| 300 | |a 127 p | ||
| 583 | |a last modification |c 19980829 00:00:00 |k Rodrigo Vera | ||
| 650 | 0 | 0 | |a Agricultura |9 255598 |
| 650 | 0 | 0 | |a Vegetales |9 264557 |
| 650 | 0 | 0 | |a Cultivo |9 264268 |
| 650 | 0 | 0 | |a Papas |9 258738 |
| 650 | 0 | 0 | |a Fertilización |9 259681 |
| 650 | 0 | 7 | |a CONSERVACION |2 CL-VaPUC |9 259519 |
| 650 | 0 | 0 | |a Almacenaje |9 413162 |
| 650 | 0 | 7 | |a UTILIZACION |2 CL-VaPUC |9 411248 |
| 650 | 0 | 0 | |a Congresos |9 257560 |
| 942 | |c BK | ||
| 945 | |a aarredon |d 19980829 00:00:00 | ||
| 546 | |a En Español | ||
| 536 | |a ACHIPA | ||
| 518 | |p Reunión nacional de la papa, I, Valdivia, 19 - 21 Noviembre 1979 | ||
| 999 | |c 383248 |d 383246 | ||